| 000 | 01117nam a2200229Ia 4500 | ||
|---|---|---|---|
| 999 |
_c40931 _d40931 |
||
| 001 | 7578 | ||
| 003 | GE_BSU | ||
| 005 | 20240108111226.0 | ||
| 008 | 181216s||||||||xx |||||||||||||| ||und|| | ||
| 020 | _a9789941049576 | ||
| 040 | _cGE_BSU | ||
| 041 | _ageo | ||
| 080 | _a94(479.22),,2003.11.23 ვ-13 | ||
| 100 |
_aვადაჭკორია, შოთა (გიორგი სუფსისპირელი) _920935 |
||
| 245 |
_aვარდების რევოლუცია და სახელმწიფო კანიბალიზმი : _bსტატიები / _cშოთა ვადაჭკორია ; რედ. უჩა ბლუაშვილი. |
||
| 264 |
_aთბილისი : _bცისნამი, _c2012. |
||
| 300 |
_a77გვ. : _b1 რუკა ; _c18 სმ. |
||
| 653 | _aვარდების რევოლუცია საქართველოში | ||
| 653 | _aსახელმწიფო კანიბალიზმი | ||
| 700 |
_aბლუაშვილი, უჩა _eრედაქტორი _920936 |
||
| 942 |
_cBK _2udc |
||